| 000 | 01015nam a22002774aa4500 | ||
|---|---|---|---|
| 003 | BOFEUTO | ||
| 005 | 20260512145626.0 | ||
| 008 | t2025 bo gr 000 f spa d | ||
| 040 |
_6BOFEUTO _aBOFEUTO _cBOFEUTO |
||
| 041 | _aspa | ||
| 044 | _abo | ||
| 082 |
_aTE6297 _bL864 |
||
| 100 |
_aLópez Portillo, Anabel _eautor |
||
| 245 |
_aPrograma de higiene y seguridad industrial para la Empresa Minera la Antigua S.R.L. de Oruro . _c Anabel López Portillo |
||
| 260 |
_aOruro : _bs/n ; _c2025 . |
||
| 300 |
_a139 hojas : _bgráf, ilus. ; _c28.5 cm . |
||
| 500 | _aIncluye bibliografía, anexos. | ||
| 502 | _aTesis Dirigida, (Licenciatura) -- Universidad Técnica de Oruro, Facultad de Ciencias Económicas, Financieras y Administrativas, Carrera Administración de Empresas, 2025. | ||
| 650 | _aHigiene y Seguridad Industrial | ||
| 653 | _aSeguridad | ||
| 653 | _aOperaciones | ||
| 653 | _aProcesos | ||
| 653 | _aRiesgo | ||
| 700 |
_aGuzmán Gutiérrez, Douglas Gonzalo _etutor |
||
| 942 |
_2ddc _cTE _n0 |
||
| 999 |
_c16152 _d16152 |
||